Представление документа в формате RUSMARC

ПолеНазваниеЗначение
  Тип записи a
  Библиографический уровень m
001 Контрольный номер UONB/MAIN/e7445ace3418474b884414fe33b946a8
005 Дата корректировки 20251121115243.7
010 Индекс ISBN __
d Цена 26 к.
9 Тираж 1130 экз.
100 Данные общей обработки __
a Данные общей обработки 20230208d1965 u y0rusy0189 ca
101 Язык документа 0_
a Язык текста rus
102 Страна публикации __
a Страна публикации RU
105 Кодированные данные (монография) __
a Кодированные данные (монография) a z 000yy
200 Заглавие и сведения об ответственности 1_
a Заглавие Применение прессованной древесины в узлах машин и при ремонте оборудования
e Сведения, относящиеся к заглавию материалы респ. межзаводской школы
f Первые сведения об ответственности Гос. план. ком. Совета Министров УССР. Ин-т техн. информации
203 Вид содержания и тип средства __
a Вид содержания Текст
b Характеристика содержания визуальный
c Тип средства непосредственный
210 Выходные данные 1_
a Место издания Киев
c Издательство [б. и.]
d Дата издания 1965
215 Физическое описание __
a Объем 86 с.
c Иллюстрации/тип воспроизводства ил.
d Формат 22 см
225 Серия 2_
a Серия Машиностроение
606 Тематические рубрики 0_
a Основная рубрика Древесина прессованная
x Основная подрубрика Применение в машиностроении
j Формальный подзаголовок Сборники
606 Тематические рубрики 0_
a Основная рубрика Древесина прессованная
x Основная подрубрика Применение при ремонте оборудования
j Формальный подзаголовок Сборники
610 Ключевые слова 0_
a Ключевые слова древесина прессованная; ремонт оборудования; узлы машин
675 Индекс УДК __
a Индекс УДК 6П5.4-06
686 Индексы других классификаций __
a Классификационный индекс 34
2 Код системы rubbk
712 Наименование организации (Вторичная ответственность) 02
a Организация/ юрисдикция Государственный плановый комитет Совета Министров УССР
b Другие уровни Институт технической информации
4 Код отношения 570
801 Источник записи _0
a Страна RU
b Организация Ульяновская ОНБ
c Дата составления 20230208
g Правила каталогизации RCR
801 Источник записи _1
a Страна RU
b Организация Ульяновская ОНБ
c Дата составления 20230208
g Правила каталогизации RCR
901 Тип документа __
t Тип документа m
909 Создатель записи __
a Создатель записи Полина
b Дата создания записи 20230208